| 000 | 00764nam a22002417a 4500 | ||
|---|---|---|---|
| 999 |
_c534422 _d534422 |
||
| 003 | NUST | ||
| 005 | 20200220112247.0 | ||
| 008 | 170601b xxu||||| |||| 00| 0 eng d | ||
| 020 | _a9789693704754 | ||
| 038 | _aMSOHAIL | ||
| 040 | _cNUST | ||
| 082 |
_a920 _bROB |
||
| 100 |
_aRobi, Ahmed Aqeel _91768 |
||
| 245 |
_aIlm o danish kay meamar / _cby Ahmed Aqeel Robi |
||
| 260 |
_aIslamabad: _bNational book foundation, _c2011 |
||
| 300 | _a530 p. | ||
| 546 | _aIn Urdu | ||
| 650 |
_aBiographies _93595 |
||
| 880 |
_aاحمد عقیل روبی _6100-01\(3\r |
||
| 880 |
_aعلم و دانش کے معمار _6245-02\(3\r _cاحمد عقیل روبی |
||
| 880 |
_aاسلام آباد: _6260-03\(3\r _bنیشنل بک فاوٗنڈیشن _c2011 |
||
| 942 |
_2ddc _cBK |
||